Statistics for Spongebob locations

Click here to take the quiz!

General Stats

  • This quiz has been taken 70 times
  • The average score is 10 of 17

Answer Stats

HintAnswer% Correct
What Spongebob lives inPineapple
96%
What Patrick lives underRock
93%
Mr Krabs' restaurantKrusty Krab
84%
Plankton's restaurantChum Bucket
79%
The town Spongebob lives inBikini Bottom
77%
What Squidward lives inEaster Island Tiki
72%
Where Spongebob frolics with his net and thick glassesJellyfish Fields
67%
The tourist beach where Larry is a lifeguardGoo Lagoon
63%
Where Spongebob has his driving lessonsMrs Puff's Boating School
61%
Where Sandy livesTreedome
61%
The street Spongebob lives onConch Street
58%
Town in a deep trench where Spongebob continually misses the busRock Bottom
56%
Where Plankton sends Neptune's crown in the movieShell City
44%
Where Mermaidman & Barnacleboy liveShady Shoal's rest home
35%
And their secret denMermalair
32%
Where Spongebob goes skiing/boardingSand Mountain
21%
The country Spongebob is set inMarshall Islands
9%

Score Distribution

Percentile by Number Answered

Percent of People with Each Score

Your Score History

You have not taken this quiz